00393nam a2200121Ia 4500008004100000041000800041082001600049100002500065245006700090260005200157300001900209520004300228240719s9999 xx 000 0 und d aeng a294.592 GAM aGambhirananda, Swami aEight Upanishads, With The Commentary Of Sankaracarya Volume 2 aKolkatabYogoda Satsanga Society Of Indiac2012 a511.; P 22 Cm. aGifted By : IMT Faculty Dr. Pawan Jain